The effect of agricultural management on seed rain and seed banks during regeneration in Brazil’s Cerrado-Caatinga ecotone (Registro n. 340038)
[ somente texto ]
| 000 -LÍDER | |
|---|---|
| fixed length control field | 04020nab a2200289 i 4500 |
| 003 - CÓDIGO MARC DA AGÊNCIA CATALOGADORA | |
| Campo de controle | BR-BrBNA |
| 005 - DATA E HORA DA ÚLTIMA ATUALIZAÇÃO | |
| Campo de controle | 20260207151524.0 |
| 008 - CAMPO DE TAMANHO FIXO | |
| fixed length control field | 260207b2025 bl.ar|pooa||| 00| 0 eng | |
| 040 ## - FONTE DA CATALOGAÇÃO | |
| Agência catalogadora | BR-BrBNA |
| Idioma da catalogação | eng |
| 072 ## - CATEGORIA AGRIS | |
| Código AGRIS | F03 |
| 100 ## - ENTRADA PRINCIPAL - NOME PESSOAL | |
| Nome pessoal | Santiago Júnior, Luiz Carlos |
| 100 ## - ENTRADA PRINCIPAL - NOME PESSOAL | |
| Nome pessoal | Lustosa Filho, Elton Janson da Cunha |
| 100 ## - ENTRADA PRINCIPAL - NOME PESSOAL | |
| Nome pessoal | Reis, Henrique da Silva |
| 100 ## - ENTRADA PRINCIPAL - NOME PESSOAL | |
| Nome pessoal | Souza, Evaldo Benedito de |
| 100 ## - ENTRADA PRINCIPAL - NOME PESSOAL | |
| Nome pessoal | Morais, Rodrigo Ferreira de |
| 245 ## - TÍTULO PRINCIPAL | |
| Título principal | The effect of agricultural management on seed rain and seed banks during regeneration in Brazil’s Cerrado-Caatinga ecotone |
| 500 ## - NOTA GERAL | |
| Nota geral | Publicação on-line; Bibliography p. 15-19 (105 ref.); 4 tables; 8 illus.; Summaries (En, Pt) |
| 942 ## - ADDED ENTRY ELEMENTS (KOHA) | |
| Koha item type | Analítica |
| 520 ## - NOTA DE RESUMO | |
| Nota de conteúdo | <br/><br/><br/>Abstract<br/><br/>Seed rain and seed banks are mechanisms for the entry of propagules that assist in the regeneration<br/>of agricultural areas. We hypothesized that the seed rain and seed banks of managed areas (10<br/>and 25 years old) - when compared to non-managed areas - have lower species richness and<br/>greater numbers of seeds/seedling emergences, in addition to greater richness and number of<br/>seeds/seedling emergences for autochoric dispersal syndrome, herbaceous growth patterns and<br/>differing species compositions. We collected in three plots of 50 m × 50 m. For each plot, 20<br/>collectors were installed for seed rain sampling. For the seed bank, 15 soil samples were collected<br/>and cultivated for the germination of seeds. Seed rain from managed areas showed higher values<br/>for species richness, herbaceous and tree autochory, as well as differing species compositions<br/>between areas. The seed bank showed lower values for species richness and higher values for<br/>herbaceous autochory, with differing compositions between areas. The abundance of seed rain<br/>and seed banks did not differ between areas, whereas the composition of dispersal mechanisms<br/>did. In creating areas dependent on autochthonous species (anemochorous and autochorous),<br/>agricultural management compromises the regeneration of dry forests.<br/><br/>Key words:<br/>• Agriculture<br/>• Composition<br/>• Dispersal<br/>• Succession<br/>• Syndrome<br/><br/><br/><br/><br/><br/><br/>Resumo<br/><br/>Chuva e banco de sementes são mecanismos de entrada de propágulos que auxiliam na regeneração<br/>de áreas agrícolas. Pressupomos que a chuva e o banco de sementes de áreas manejadas (10 anos<br/>e 25 anos) possuem menor riqueza de espécies e maior número de sementes/emergência, além<br/>de maior riqueza e número de sementes/emergências para síndrome de dispersão autocórica,<br/>formas de vida herbáceas e composição de espécies diferentes, quando comparado com áreas não<br/>manejadas. Coletamos em três parcelas de 50 m × 50 m. Para cada área, instalamos 20 coletores<br/>para amostragem da chuva de sementes, assim como coletamos e cultivamos 15 amostras para<br/>a contagem de plântulas. A chuva de sementes das áreas manejadas possuiu maior riqueza de<br/>espécies, autocoria, herbácea e arbóreo, além de composição diferentes entre as áreas. O banco<br/>de sementes, por outro lado, possuiu menores valores em riqueza de espécies, e maiores valores<br/>de autocoria, herbácea, e composição diferentes entre áreas. A abundância da chuva e banco de<br/>sementes não diferiu entre as áreas, já a composição entre os mecanismos de dispersão diferiu. O<br/>manejo agrícola compromete a regeneração de florestas secas tornando essas áreas dependentes<br/>de espécies autóctones (anemocórico e autocórico).<br/><br/>Palavras-chave:<br/>• Agricultura<br/>• Composição<br/>• Dispersão<br/>• Sucessão<br/>• Síndrome |
| 650 ## - ASSUNTO - THESAGRO | |
| Cabeçalho tópico ou nome geográfico | AGRICULTURA |
| 650 ## - ASSUNTO - THESAGRO | |
| Cabeçalho tópico ou nome geográfico | COMPOSIÇÃO BOTÂNICA |
| 650 ## - ASSUNTO - THESAGRO | |
| Cabeçalho tópico ou nome geográfico | DISPERSÃO |
| 650 ## - ASSUNTO - THESAGRO | |
| Cabeçalho tópico ou nome geográfico | SÍNDROME |
| 773 0# - ENTRADA ANALÍTICA | |
| Host Biblionumber | 709 |
| Registro do item | 360062 |
| Imprenta | Rio de Janeiro-RJ Jardim Botanico do Rio de Janeiro 1935 |
| Outro identificador | 2026-0452 |
| Título | Rodriguésia (Brazil) |
| ISSN | 0370-6583; 2175-7860 on-line |
| Colação | v. 76 p. 1-19; (2025) |
| Número de controle de registro | BR2025007508 |
| 856 ## - ACESSO E ENDEREÇO ELETRÔNICO | |
| Identificador uniforme de recurso - URI | https://www.scielo.br/j/rod/a/vrxxpww7kVsZyLhJ5cgLpsr/?format=pdf&lang=en |
Nenhum exemplar disponível.

BINAGRI